000 01208cam a22003497a 4500
003 CHAP
005 20220329141155.0
008 971010s1976 r 00010 d
010 _a63826
011 _a64798
035 _a70920
040 _cCHAP
090 _aTesis
100 0 0 _aCastro Flores, Ranulfo.
_920357
245 1 3 _aEl ganado bovino en la cuenca baja del Río Papaloapan y sus características de explotación y manejo
260 _aChapingo, Méx. :
_bEl autor,
_c1976
300 _a124 h. gráfs. mapa
502 _aTesis (Ing. Agrónomo Esp. en Zootecnia) -- ENA. Departamento de Zootecnia
590 _aALEPH
_b10
_c20130110
_lUCH01
_h1347
590 _aBATCH-UPD
_b10
_c20130110
_lUCH01
_h0033
590 _aBATCH-UPD
_b10
_c20130110
_lUCH01
_h0559
590 _aBATCH-UPD
_b10
_c20130110
_lUCH01
_h2315
590 _aCONVERSION
_b10
_c20130109
_lUCH01
_h1334
650 1 4 _aCuenca del Papaloapan.
_930032
650 1 4 _aGanado vacuno.
_945425
650 1 4 _aGanado vacuno
_xCuenca del Papaloapan.
_945454
901 _aBK
942 _cFOLL
949 _bBC
_cTES
_d-139649
_eTS1
_i70920
_si
949 _bBC
_cTES
_d-139650
_eTS2
_fc.2
_i70920
_si
949 _bBC
_cTES
_d-139652
_eTS2
_fc.3
_i70920
_si
999 _c63826
_d63826